000
00293nam a2200121Ia 4500
008
190216s9999||||xx |||||||||||||| ||und||
100
_a
Narayanan Chittoor Namboodirippad
245
0
_a
Rekshasinde Prathikaram
260
_b
Current Books
300
_a
230
650
_a
Malayalam
942
_c
BK
999
_c
29422
_d
29422